MDQL
is popping MORE tags! Check the
thread
!
Quizzes
Events
Quiz Creation
Community
Videos
Private Events
Remove Ads
Sign In
Join for FREE
Feedback
Dark Mode
Quiz Categories
Sports
Geography
Music
Movies
Television
Just For Fun
Miscellaneous
History
Literature
Language
Science
Gaming
Entertainment
Religion
Holiday
For Kids
Quiz Lab
Recent
Popular Today
Quiz Kudos Today
Editor Picks
Curator Picks
Quizzes by...
Day
Popularity
Type
Ratings
Length
Year
Community
Subscriptions
Recent Discussions
Orange Saloon
Badges
Playlists
Quests
Create
Leaderboards
Showdown
Live 5
Trivia Bingo
Activity
Puzzle Library
Sporcle Events
Private Events
Virtual Trivia
Globe League
Become a Host
Pub Owners
SporcleCon
Opinionation
Our Games
Videos
Blog
Mobile Apps
Partnerships
Remove Ads and Go Orange
Feedback
Music
Pop Music
The Beatles
Song
Album
Lyrics
Bands
Singers
Artist
Clip
Rock
Rap
Classical
Billboard
Country Music
Kpop
Taylor Swift
Music
Pop Music
The Beatles
Song
Album
Lyrics
Bands
Singers
Artist
Clip
Rock
Rap
Classical
Billboard
Country Music
Kpop
Taylor Swift
Random Quiz
Search Sporcle
×
Quiz Lab
Quiz Lab
Music
Anime
Type in answers that appear in a list
Type in answers that appear in a list
Classic
Best Score? Go Orange.
Recent Anime Openings Quiz (2010-2015) (Public) Stats
Can you name the Anime of the Openings?
By
The_Daytona_500
10m
50 Questions
1,242 Plays
1,242 Plays
1,242 Plays
Comments
Comments
Give Quiz Kudos
Give Quiz Kudos
-
- Ratings
hide this ad
More Info
Replay
Link that replays current quiz
Next Quiz
Link to next quiz in quiz playlist
You Got
0%
They Got
Avg Score
29%
Avg Friend Score
Upgrade to see
Score Distribution
Jump to the score distribution portion of the page
Score
0/50
Timer
10:00
0
Plays Today
Time
Anime Title
% Correct
3:34-
3:42
Noragami
76.1%
3:09-
3:17
Steins;Gate
71.4%
1:19-
1:27
Fullmetal Alchemist: Brotherhood
66.2%
0:25-
0:32
Btooom!
64%
1:42-
1:50
Fate/Zero
60.7%
6:25-
6:34
Durarara!!
60%
5:04-
5:13
Ao no Exorcist
59.3%
0:56-
1:04
Kekkai Sensen
56.4%
4:22-
4:29
Shigatsu wa Kimi no Uso
54%
1:12-
1:19
Nisekoi:
51.7%
2:21-
2:29
Fairy Tail (2014)
47.7%
3:42-
3:50
Ore Monogatari!!
47.5%
3:26-
3:34
Mekakucity Actors
45%
2:53-
3:01
Hyouka
44.2%
1:50-
1:58
Aldnoah.Zero 2nd Season
43.3%
0:40-
0:48
Gate
43.1%
3:01-
3:09
Little Busters
39.2%
2:36-
2:45
Shakugan no Shana III (Final)
37.1%
5:53-
6:01
Mahouka Koukou no Rettousei
34.1%
4:38-
4:47
Kakumeiki Valvrave
30.3%
5:13-
5:21
Tsukimonogatari
29.6%
4:55-
5:04
Strike the Blood
28.4%
5:21-
5:29
To Love-Ru Darkness
27.3%
6:09-
6:17
Yowamushi Pedal: Grande Road
27.2%
4:06-
4:14
Gatchaman Crowds
27.1%
Time
Anime Title
% Correct
0:32-
0:40
Arslan Senki
24.8%
4:29-
4:38
Soul Eater NOT!
20.7%
2:29-
2:36
Hidan no Aria AA
20.5%
4:47-
4:55
Phi Brain: Kami no Puzzle - Orpheus Order-hen
17.7%
0:09-
0:17
Eureka Seven AO
16.7%
5:37-
5:45
Valkyrie Drive: Mermaid
16.7%
2:45-
2:53
Joukamachi no Dandelion
15%
1:27-
1:35
Captain Earth
14%
3:50-
3:58
Peeping Life TV: Season 1??
13.1%
0:00-
0:09
Aikatsu! Season 3
12.7%
3:58-
4:06
Star Driver: Kagayaki no Takuto
12.1%
1:58-
2:05
Galilei Donna
11.7%
6:01-
6:09
Yoru no Yatterman
11.3%
6:17-
6:25
Taimadou Gakuen 35 Shiken Shoutai
11.1%
0:17-
:0:25
Yu-Gi-Oh! Zexal
10.5%
4:14-
4:22
Robotics;Notes
10.2%
6:34-
6:41
Sacred Seven
10.2%
3:17-
3:26
Digimon Xros Wars: Toki wo Kakeru Shounen Hunter-tachi
8.1%
5:45-
5:53
Wizard Barristers: Benmashi Cecil
7.7%
0:48-
0:56
Mushibugyou
7.4%
1:35-
1:42
Hacka Doll
6.4%
5:29-
5:37
Jewelpet Happiness
5.9%
2:13-
2:21
Atelier Escha & Logy
5.1%
2:05-
2:13
Battle Spirits: Sword Eyes
4.4%
1:04-
1:12
Duel Masters Victory V3
3.4%
Quiz Playlist
Details
Report
Send in Message
Add To Playlist
More Info:
You just need the name of the franchise. The name of the specific season isn't necessary.
Classic:
Type in answers that appear in a list
Quiz Source
Last Updated: Mar 6, 2020
Quiz Scoreboard
CHALLENGE
Sign Up to Join the Scoreboard
Show All
Scores
Hide
Comments
May contain spoilers
Recently Published
1-10 Letter E Words III
by El_Dandy
Language
2m
Street Fighter Characters
by Artimus82
Gaming
60s
College Basketball Coaching Resumes
by pancakes188
Sports
9m
More to Explore
Quiz From the Vault
Featured Blog Post
Where Did the Easter Bunny Come From?
hide this ad
You Might Also Like...
Tags
Anime Quiz
Anime Music
Movie Opening
Today's Top Quizzes in Music
Browse Music
hide this ad
Today's Top Quizzes in Anime
Browse Anime
Top Contributed Quizzes in Music
1
Taylor Swift All Songs (2024)
2
Taylor Swift Logic Puzzle
3
Guess the Artist- 70s Songs
4
7-to-1: Billboard Hot 100 #1 Hits of 2010s
5
Sorting Albums and Songs
6
KPOP LOGIC QUIZ
7
Billboard Blitz: Aretha Franklin
8
Guess the Taylor Swift song (Mystery Song)
9
Guess The Taylor Swift Lyrics Song #1
10
Billboard Blitz: ABBA
Explore More
Trending Topics
Kpop
Disney
Crossword
Marvel
Harry Potter
NBA
Anime
NFL
The Office
Country
Soccer
WWE
Pokémon
Song
Puzzle
hide this ad
More By:
The_Daytona_500
Quiz
Plays
Rating
Category
Featured
Created
Recent Anime Openings Quiz (2010-2015)
1,400
3.00
Music
Apr 14, 2016
Recent Anime Openings Quiz (2010-2015) (Public)
1,242
4.75
Music
Mar 21, 2016
Recent Anime Openings Quiz (2007-2017)
1,043
3.60
Music
May 4, 2017
Anime Openings Quiz (Hard)
519
4.83
Music
Mar 7, 2020
Recent Anime Openings Quiz (2016-2021)
338
2.75
Music
Aug 20, 2022
Go to Creator's Profile
Score Distribution
Quiz Creator Spotlight
The_Daytona_500
Follow
Send a Message
Quizzes Created
-
Created Quiz Play Count
-
More By This Creator
Popular Quizzes Today
1
Find the US States - No Outlines Minefield
2
Find the Countries of Europe - No Outlines Minefield
3
Find the US States
4
The Countries of the World
5
Risky Map Clicking: Biggest States A-Z
6
US States
7
Popular People in 1961
8
Movies - When Are They Set?
More Music Quizzes
#1 Song to Artist Match-Up (2021)
Editor's Pick
Trending Quizzes
Risky Map Clicking: Least Populous States A-Z
1-10 Letter G Words
1-10 Letter F Words
Countries of the World: 200 Million BC
Risky Map Clicking: Next State Alphabetically
Recently Updated
Rides in Walt Disney World
pecheneg
Most Oscar Losses (Acting)
pecheneg
Beyoncé Albums
pecheneg
Leaping Animals
pecheneg
Reality TV Shows (A-Z)
bhenderson79
Rickey Henderson's Hall of Fame Teammates
pecheneg
Champions League XIs: Arsenal
pecheneg
Quick Pick: Celebrities in WWE's Hall of Fame
aduchscher
A-Z Keypad Blitz II
pecheneg
Trending Topics
Disney
Harry Potter
Crossword
Anime
Kpop
NBA
Marvel
Soccer
Puzzle
The Office
WWE
Song
Pokémon
Country
NFL
Your Account Isn't Verified!
In order to create a playlist on Sporcle, you need to verify the email address you used during registration. Go to your
Sporcle Settings
to finish the process.
Report this User
Report this user for behavior that violates our
Community Guidelines
.
Details:
Send Report
Go to the Sporcle.com Mobile Site →
Comments